| 000 | 00553nam a2200205Ia 4500 | ||
|---|---|---|---|
| 005 | 20250508165332.0 | ||
| 008 | 008 250505s9999 xx 000 0 hin d | ||
| 020 | _a81-7714-065-5 | ||
| 037 | _aTextBook | ||
| 040 |
_aFEDL _beng _cFEDL |
||
| 041 |
_ahin _2eng |
||
| 084 |
_a491.430 7, HAR/R _qFEDL |
||
| 100 | _aHarivansh Tarun | ||
| 245 | 0 | _aManak Hindi shikshan | |
| 260 |
_aNew Delhi, India _bPrakashan Sansthan _c2014 |
||
| 300 | _a170p | ||
| 365 |
_aINR _b250 |
||
| 942 |
_cTB _h491.430 7, HAR/R |
||
| 999 |
_c1394528 _d1394528 |
||